000 00306 a2200145 4500
001 151454
040 _cEscola São Tomás de Aquino
100 _aDUMONT, Ângela
240 1 0 _aMatizes
_lpor
245 1 0 _aMatizes
362 0 _a1998
440 1 _aModerna
697 _a*LITERATURA INFANTO
942 _cBK
999 _c151454
_d151454